000
00249nam a2200097Ia 4500
001
722141
005
20250826163306.0
008
250824s9999 xx 000 0 und d
245
0
_a
KÖR KALBE AŞK DOKUNMAZ
_c
AYŞE ÜNÜVAR
260
_b
KARATAY YAYINLARI
999
_c
722141
_d
722141